Science Quiz

Random Science or Math Quiz

Famous Mathematicians Quiz Stats

 Plays Quiz Updated Oct 6, 2013

     
Support Sporcle.
Go Orange.
Score 0/20 Timer 05:00
1 Play Today
Nationality Name % Correct
GreekPythagoras
83.8%
EnglishSir Isaac Newton
80.7%
ItalianFibonacci
76.3%
GreekEuclid
70.6%
FrenchPierre de Fermat
66.2%
FrenchRené Descartes
58.2%
SwissLeonhard Paul Euler
55.5%
FrenchBlaise Pascal
53.7%
BritishAlan Turing
47.5%
GermanGottfried Wilhelm Leibniz
45.1%
Nationality Name % Correct
AmericanJohn Nash
45%
GermanCarl Friedrich Gauss
41.6%
GermanBernhard Riemann
36.9%
FrenchJoseph Fourier
30.3%
HungarianPaul Erdős
28.1%
BritishAndrew Wiles
27.6%
FrenchPierre-Simon Laplace
25.2%
ItalianJoseph-Louis Lagrange
23.4%
FrenchAugustin-Louis Cauchy
23.1%
PrussianChristian Goldbach
20.1%

From the Vault

Top Grossing Best Picture Nominees

by Sheldon

Movies 5m
But which best picture nominees were the most gross?
Remove Ads.
Support Sporcle.
Get the best of Sporcle when you Go Orange. This ad-free experience offers more features, more stats, and more fun while also helping to support Sporcle. Thank you for becoming a member.

Show Comments

Extras

Top Quizzes Today


Score Distribution

Your Account Isn't Verified!

In order to create a playlist on Sporcle, you need to verify the email address you used during registration. Go to your Sporcle Settings to finish the process.

Report this User

Report this user for behavior that violates our Community Guidelines.

Details: